| 000 | 00732nam a22002297a 4500 | ||
|---|---|---|---|
| 999 |
_c13179 _d13179 |
||
| 003 | AR-CdUCM | ||
| 008 | 190409b ||||| |||| 00| 0 spa d | ||
| 020 | _a978-607-735-596-0 | ||
| 040 |
_aMUNICIPALIDAD PROVINCIAL DEL CUSCO _cBIBLIOTECA MUNICIPAL DEL CUSCO |
||
| 082 |
_aEP / 909 / _bB49 |
||
| 100 |
_aBeverley, Young _931409 |
||
| 245 |
_aComo funciona el mundo : _bUna guía de la tierra muy animada / |
||
| 260 |
_aMéxico : _bOcéano, _c2010. |
||
| 300 |
_bImágenes. _c26 cm. |
||
| 500 | _aTexto sin numeración. | ||
| 505 | _aContenido :Como funciona el mundo. | ||
| 650 |
_aHistorietas. _910786 |
||
| 650 |
_aCuentos. _9217 |
||
| 700 |
_aDorion, Christiane _931410 |
||
| 942 |
_2ddc _cLIBROS |
||
| 945 |
_arum _d2019-04-11 |
||